[Event "Sanxenxo Carlos op 8th"]
[Site "Sanxenxo"]
[Date "2016.06.29"]
[Round "5"]
[White "Medarde Santiago, Luis Marcos"]
[Black "Porto Fuentes, Oscar"]
[Result "1-0"]
[WhiteElo "2292"]
[BlackElo "2015"]
[PlyCount "81"]
[EventDate "2016.06.25"]
[EventType "swiss"]
[EventRounds "9"]
[EventCountry "ESP"]
[SourceTitle "CBM 173 Extra"]
[Source "ChessBase"]
[SourceDate "2016.08.29"]
[SourceVersion "1"]
[SourceVersionDate "2016.08.29"]
[SourceQuality "1"]

1. e4 c6 2. d4 g6 3. Nc3 Bg7 4. Nf3 d5 5. h3 dxe4 6. Nxe4 Nf6 7. Nxf6+ exf6 8. Bc4 0-0 9. 0-0 Na6 10. c3 Nc7 11. Re1 Be6 12. Bf1 Bd5 13. Bf4 Qd7 14. Nd2 Rfd8 15. Bh2 b5 16. a4 a6 17. b3 Be6 18. Ne4 Ne8 19. Nc5 Qc8 20. axb5 cxb5 21. Qf3 Bf8 22. Nxe6 fxe6 23. c4 b4 24. c5 Rxd4 25. Rxe6 Qxe6 26. Qxa8 Bxc5 27. Bc4 Rxc4 28. bxc4 b3 29. Qd5 Qxd5 30. cxd5 b2 31. Rb1 Ba3 32. d6 Nxd6 33. Bxd6 Bxd6 34. Rxb2 a5 35. Rb6 Be5 36. Ra6 Bc3 37. Ra7 f5 38. Kf1 Bb4 39. Ke2 h6 40. f3 f4 41. Kd3 1-0

[Event "Porto op"]
[Site "Porto"]
[Date "2015.07.18"]
[Round "8"]
[White "Porto Fuentes, Oscar"]
[Black "Larsen, Karsten"]
[Result "0-1"]
[WhiteElo "1991"]
[BlackElo "2244"]
[PlyCount "104"]
[EventDate "2015.07.13"]
[EventType "swiss"]
[EventRounds "9"]
[EventCountry "POR"]
[SourceTitle "CBM 167 Extra"]
[Source "ChessBase"]
[SourceDate "2015.09.14"]
[SourceVersion "1"]
[SourceVersionDate "2015.09.14"]
[SourceQuality "1"]

1. Nf3 Nf6 2. d4 d5 3. Bf4 g6 4. h3 Bg7 5. e3 0-0 6. Bd3 c5 7. c3 b6 8. Nbd2 Nc6 9. Ne5 Bb7 10. Qf3 Nd7 11. Nxc6 Bxc6 12. 0-0-0 e5 13. dxe5 Nxe5 14. Bxe5 Bxe5 15. Bc2 Qf6 16. Qxf6 Bxf6 17. Rhg1 Rfe8 18. Rde1 Rad8 19. f4 Re7 20. e4 dxe4 21. Nxe4 Bh4 22. g3 Rde8 23. gxh4 Bxe4 24. h5 Bxc2 25. Rxe7 Rxe7 26. Kxc2 Re2+ 27. Kb3 Kf8 28. hxg6 hxg6 29. f5 gxf5 30. Rf1 Rh2 31. Rxf5 Rxh3 32. a4 Rh2 33. Rf6 Ke7 34. Rc6 Rd2 35. a5 Rd6 36. Rc7+ Rd7 37. Rc6 Rb7 38. a6 Rd7 39. Kc4 f5 40. Rh6 Kf7 41. Kb5 Kg7 42. Re6 f4 43. Re2 Kf6 44. Kc6 Rf7 45. Kd5 Rd7+ 46. Kc6 Rf7 47. Kd5 Kf5 48. Rf2 Kg4 49. Ke6 Rh7 50. Ke5 f3 51. b4 cxb4 52. cxb4 Kg3 0-1

[Event "Ourense op"]
[Site "Ourense"]
[Date "2014.07.10"]
[Round "5"]
[White "Porto Fuentes, Oscar"]
[Black "Ivanov, Jordan"]
[Result "1/2-1/2"]
[WhiteElo "1943"]
[BlackElo "2355"]
[PlyCount "111"]
[EventDate "2014.07.07"]
[EventType "swiss"]
[EventRounds "9"]
[EventCountry "ESP"]
[SourceTitle "EXT 2016"]
[Source "ChessBase"]
[SourceDate "2015.10.08"]
[SourceVersion "1"]
[SourceVersionDate "2015.10.08"]
[SourceQuality "1"]

1. c4 e5 2. Nc3 Nc6 3. g3 g6 4. Bg2 Bg7 5. Nf3 d6 6. 0-0 Nf6 7. d3 0-0 8. h3 h6 9. Rb1 a5 10. a3 Be6 11. e4 Qd7 12. Kh2 Nh7 13. b4 axb4 14. axb4 f5 15. b5 Ne7 16. Nd5 fxe4 17. dxe4 g5 18. Ng1 Ng6 19. Be3 g4 20. h4 h5 21. Ne2 b6 22. Qd3 Nf6 23. Nec3 Ra3 24. Bc1 Ra7 25. Nb4 Qf7 26. Ncd5 Nd7 27. Be3 Nc5 28. Bxc5 dxc5 29. Nc6 Ra2 30. Ra1 Rxa1 31. Rxa1 Qxf2 32. Rf1 Qa2 33. Rxf8+ Bxf8 34. Nd8 Bc8 35. Nxc7 Qf2 36. Qf1 Qxf1 37. Bxf1 Be7 38. Nc6 Kf7 39. Nd5 Ke6 40. Nxb6 Bb7 41. Nxe7 Nxe7 42. Bd3 Nc8 43. Nd5 Nd6 44. Kg2 Bxd5 45. exd5+ Kf6 46. Kf2 e4 47. Be2 Ke5 48. Ke3 Nf5+ 49. Kf2 e3+ 50. Kg2 Kd4 51. b6 Nd6 52. Kf1 Kc3 53. Ke1 Kd4 54. Kd1 Kc3 55. Kc1 Kb3 56. Kd1 1/2-1/2

[Event "ESP-ch U16"]
[Site "Padron"]
[Date "2011.07.20"]
[Round "3"]
[White "Porto Fuentes, Oscar"]
[Black "Rodriguez Ferraz, Borja"]
[Result "0-1"]
[WhiteElo "1546"]
[BlackElo "2102"]
[PlyCount "66"]
[EventDate "2011.07.19"]
[EventType "swiss"]
[EventRounds "9"]
[EventCountry "ESP"]
[SourceTitle "CBM 143 Extra"]
[Source "ChessBase"]
[SourceDate "2011.08.29"]
[SourceVersion "1"]
[SourceVersionDate "2011.08.29"]
[SourceQuality "1"]

1. d4 Nf6 2. c4 e6 3. Nc3 Bb4 4. e3 0-0 5. Nf3 Bxc3+ 6. bxc3 d6 7. Bd3 c5 8. 0-0 Nc6 9. a4 e5 10. d5 Na5 11. e4 h6 12. h3 b6 13. Be3 Nh7 14. Qc2 Qf6 15. Kh1 Bxh3 16. Ng1 Bc8 17. Ne2 Ba6 18. Qa2 Qh4+ 19. Kg1 Nf6 20. f3 Nh5 21. Bf2 Qg5 22. g3 Bc8 23. Kg2 f5 24. Rh1 Nf4+ 25. Nxf4 exf4 26. exf5 Bxf5 27. Bxf5 Qxf5 28. g4 Qd3 29. Rh5 Rae8 30. Rah1 Re2 31. Qa1 Rfe8 32. Rf1 Nxc4 33. Qc1 Ne3+ 0-1